000 00622nam a22002057a 4500
003 OSt
005 20190909123829.0
008 130910b xxu||||| |||| 00| 0 eng d
020 _a978-99923-71-56-5
040 _cBMC
082 _a001.42
082 _a021.65
100 1 _935410
_aColindres Z., Carlos R.
245 1 4 _aLas ciencias de la información en el siglo XXI
_b: un manual básico para el tercer mundo
_cCarlos R. Colindres
250 _a1ª ed
260 _aSan Salvador
_bSegunda Fundación
_c2009
300 _a234 p.
_b22 cm
650 2 4 _94867
_aSistemas de información
942 _2ddc
_cBK
_hprozim
999 _c26207
_d26207